| 000 | 00477nam a22001577a 4500 | ||
|---|---|---|---|
| 082 | _aT-160, DM | ||
| 100 |
_aMaryyam Masood _948598 |
||
| 245 |
_aTo analyze the problems of Jalozai camp and to propose guidelines for tent villages _cMaryyam Masood |
||
| 260 |
_aRisalpur _bMCE _c2014 |
||
| 300 | _ap 79.: | ||
| 526 |
_a0 _b0 _c0 _dT_160_DM |
||
| 650 | _aDisaster Management | ||
| 650 |
_aThesis _934811 |
||
| 700 |
_aDr Muhammad Jawed Iqbal, Major. _948599 |
||
| 942 |
_2ddc _cBK |
||
| 999 |
_c551472 _d551472 |
||